000
00238nam a22000857a 4500
008
160926b xxu||||| |||| 00| 0 eng d
100
_9
759
_a
Kumar.V.etal.
245
_a
English Communicative W.B-VIII
260
_a
New Delhi
_b
CPP Publications
_c
2012
999
_c
3416
_d
3416